| 000 | 00448nam a22001817a 4500 | ||
|---|---|---|---|
| 003 | NUST - PNEC | ||
| 005 | 20170116181135.0 | ||
| 008 | 151007b xxu||||| |||| 00| 0 eng d | ||
| 020 | _a0340610581 | ||
| 040 | _cLIBRARY | ||
| 082 | _a660.284292 HOL | ||
| 100 |
_914242 _aHolland, F.A. |
||
| 245 |
_aFluid flow for chemical engineers _cF.A. Holland |
||
| 250 | _a2nd ed. | ||
| 260 | _cc1995 | ||
| 650 |
_914244 _aFluid flow |
||
| 942 |
_2ddc _cBK |
||
| 999 |
_c70193 _d70193 |
||